Lezioni sulle prove dell'esistenza di Dio / (Record n. 357961)
[ formato base ]
| 000 -LEADER | |
|---|---|
| fixed length control field | 01224nam a2200289 a 4500 |
| 001 - CONTROL NUMBER | |
| control field | 000000371288 |
| 003 - CONTROL NUMBER IDENTIFIER | |
| control field | IT-MiSPE |
| 005 - DATE AND TIME OF LATEST TRANSACTION | |
| control field | 20180802135907.0 |
| 008 - FIXED-LENGTH DATA ELEMENTS--GENERAL INFORMATION | |
| fixed length control field | 090603s2009 it 000 0 ita d |
| 020 ## - INTERNATIONAL STANDARD BOOK NUMBER | |
| International Standard Book Number | 9788837223274 |
| Terms of availability | 18.00 EUR |
| 040 ## - CATALOGING SOURCE | |
| Original cataloging agency | IT-MiSPE |
| Language of cataloging | ita |
| Modifying agency | fcg |
| Transcribing agency | IT-MiSPE |
| 082 ## - DEWEY DECIMAL CLASSIFICATION NUMBER | |
| Classification number | 193-HEG ge le (23188) |
| 100 1# - MAIN ENTRY--PERSONAL NAME | |
| Personal name | Hegel, Georg Wilhelm Friedrich, |
| Dates associated with a name | 1770-1831. |
| Relator term | autore |
| 9 (RLIN) | 57333 |
| 240 10 - UNIFORM TITLE | |
| Uniform title | Vorlesungen über die Beweise von Daseyn Gottes. |
| Language of a work | ita |
| 245 10 - TITLE STATEMENT | |
| Title | Lezioni sulle prove dell'esistenza di Dio / |
| Statement of responsibility, etc. | Georg Wilhelm Friedrich Hegel ; a cura di Adriano Tassi. |
| 260 ## - PUBLICATION, DISTRIBUTION, ETC. (IMPRINT) | |
| Place of publication, distribution, etc. | Brescia : |
| Name of publisher, distributor, etc. | Morcelliana, |
| Date of publication, distribution, etc. | 2009. |
| 300 ## - PHYSICAL DESCRIPTION | |
| Extent | 268 p. ; |
| Dimensions | 19 cm |
| 490 1# - SERIES STATEMENT | |
| Series statement | Il pellicano rosso. |
| -- | Nuova serie ; |
| Volume/sequential designation | 087 |
| 500 ## - GENERAL NOTE | |
| General note | Tit. orig.: Vorlesungen über die Beweise von Daseyn Gottes |
| 504 ## - BIBLIOGRAPHY, ETC. NOTE | |
| Bibliography, etc | Bibliografia: p. 37 |
| 655 #7 - INDEX TERM--GENRE/FORM | |
| Genre/form data or focus term | Filosofi di lingua tedesca. Generalità e filosofi fino al 1920 |
| General subdivision | Filosofi 1801-1920: Hegel Georg Wilhelm Friedrich, 1770-1831. Opere. |
| Source of term | local |
| 9 (RLIN) | 57329 |
| 655 #7 - INDEX TERM--GENRE/FORM | |
| Genre/form data or focus term | Filosofia. Teologia naturale |
| General subdivision | Dio: esistenza e prove. |
| Source of term | local |
| 9 (RLIN) | 57334 |
| 700 1# - ADDED ENTRY--PERSONAL NAME | |
| Personal name | Tassi, Adriano, |
| Relator term | ed. |
| 9 (RLIN) | 57335 |
| 830 #3 - SERIES ADDED ENTRY--UNIFORM TITLE | |
| Uniform title | Il pellicano rosso. |
| Name of part/section of a work | Nuova serie ; |
| Volume number/sequential designation | 087. |
| 9 (RLIN) | 57336 |
| 942 ## - ADDED ENTRY ELEMENTS (KOHA) | |
| Source of classification or shelving scheme | Dewey Decimal Classification |
| Koha item type | LIBRO |
| Withdrawn status | Lost status | Source of classification or shelving scheme | Damaged status | Not for loan | Home library | Current library | Date acquired | Total Checkouts | Full call number | Barcode | Date last seen | Price effective from | Koha item type |
|---|---|---|---|---|---|---|---|---|---|---|---|---|---|
| Dewey Decimal Classification | Buone Condizioni | Not For Loan | CINISELLO | CINISELLO | 02/08/2018 | 193-HEG ge le (23188) | 9788837223274 | 02/08/2018 | 02/08/2018 | LIBRO |